Loading...
| Current Events | 1 | 10.00 | 100% | 0% | 0% |
| Fine Arts - Auditory Fine Arts | 2 | 15.00 | 100% | 50% | 0% |
| Fine Arts - Visual Fine Arts | 2 | 10.00 | 100% | 0% | 0% |
| Geography | 3 | 16.67 | 100% | 67% | 0% |
| History - Ancient History | 1 | 0.00 | 0% | 0% | 0% |
| History - European History | 1 | 20.00 | 100% | 100% | 0% |
| History - World History | 1 | 20.00 | 100% | 100% | 0% |
| Literature - American Literature | 2 | 15.00 | 100% | 50% | 0% |
| Literature - British Literature | 1 | 10.00 | 100% | 0% | 0% |
| Literature - European Literature | 1 | 10.00 | 100% | 0% | 0% |
| Literature - World Literature | 1 | 10.00 | 100% | 0% | 0% |
| Philosophy | 1 | 20.00 | 100% | 100% | 0% |
| Science - Biology | 1 | 10.00 | 100% | 0% | 0% |
| Science - Chemistry | 2 | 15.00 | 100% | 50% | 0% |
| Science - Other Science | 2 | 10.00 | 100% | 0% | 0% |
| Social Science | 2 | 5.00 | 50% | 0% | 0% |